Normal view MARC view

Entry Personal Name

Number of records used in: 1

001 - CONTROL NUMBER

  • control field: 1103675

003 - CONTROL NUMBER IDENTIFIER

  • control field: OSt

005 - DATE AND TIME OF LATEST TRANSACTION

  • control field: 20260121173649.0

008 - FIXED-LENGTH DATA ELEMENTS

  • fixed length control field: 260121|| aca||aabn | a|a d

040 ## - CATALOGING SOURCE

  • Original cataloging agency: OSt
  • Transcribing agency: OSt

100 ## - HEADING--PERSONAL NAME

  • Personal name: R. Reynolds D. Bradbery J. Brown K. Carroll D. Donnelly K. Ferguson-Patrick S. Macqueen

670 ## - SOURCE DATA FOUND

  • Source citation: Work cat.: (OSt)1669423: R. Reynolds D. Bradbery J. Brown K. Carroll D. Donnelly K. Ferguson-Patrick S. Macqueen, Contesting and Constructing International Perspectives in Global Education
Copyright @ Delhi University Library System